বাঙালির চলচ্চিত্রচিন্তা : বাংলা চলচ্চিত্রের পূর্বাপার. চতুর্থ খণ্ড /

Bibliographic Details
Other Authors: আউয়াল, সাজেদুল, সায়ীদ, আবদুল্লাহ আবু
Format: Book
Language:Bengali
Published: ঢাকা : বিশ্বসাহিত্য কেন্দ্র, ২০২৪.
Series:বাঙালির চিন্তামূলক রচনা সংগ্রহ ; ১০৫
বিশ্বসাহিত্য কেন্দ্র প্রকাশনা ; ৫৬২
Subjects:
Classic Catalogue: View this record in Classic Catalogue
LEADER 02876nam a22004697a 4500
001 45492
003 BD-DhAAL
005 20260504173620.0
008 260419t2024 bg ||||| b || 00| 0 ben d
020 |a 9789849815808 
020 |a 9841805618101 
040 |a BD-DhAAL  |d BD-DhAAL 
041 0 |a ben 
082 0 4 |a 791.437095492 
245 0 0 |a বাঙালির চলচ্চিত্রচিন্তা :  |b বাংলা চলচ্চিত্রের পূর্বাপার.  |n চতুর্থ খণ্ড /  |c সম্পাদক, সাজেদুল আউয়াল ; গ্রন্থমালা সম্পাদক, আবদুল্লাহ আবু সায়ীদ. 
246 3 3 |a Bangalir chintamulok rochona shongroho :  |b cinema [choturtho khondo] 
246 3 3 |a A collection of Bengali thoughts :  |b cinema [volume : 4] 
260 |a ঢাকা :  |b বিশ্বসাহিত্য কেন্দ্র,  |c ২০২৪. 
300 |a ৪৬০ পৃষ্ঠা ;  |c ২২ সে.মি. 
362 0 |a Vol. 4 
490 0 |a বাঙালির চিন্তামূলক রচনা সংগ্রহ ;  |v ১০৫ 
490 0 |a বিশ্বসাহিত্য কেন্দ্র প্রকাশনা ;  |v ৫৬২ 
500 |a প্রথম প্রকাশ. 
504 |a গ্রন্থপঞ্জিগত নির্দেশিকা অন্তর্ভুক্ত। 
526 8 |a AAL, RS 
541 1 |a Bishwo Shahitto Kendro  |e 45492, 45611 
650 0 |a Motion pictures  |z India  |z Bengal. 
650 0 |a Motion pictures  |z India  |z Bengal  |x History.  |9 60431 
650 0 |a Motion pictures  |z India  |z West Bengal  |x History.  |9 60460 
650 0 |a Cinema  |z Bengal  |x History.  |9 60432 
650 0 |a Motion pictures  |z Bangladesh  |x History and criticism.   |9 60461 
650 0 |a Theater  |z India  |z Bengal.  |9 60434 
650 0 |a Bengali literature. 
700 1 |a আউয়াল, সাজেদুল.  |9 60436 
700 1 |a সায়ীদ, আবদুল্লাহ আবু. 
830 0 |a বাঙালির চিন্তামূলক রচনা সংগ্রহ ;  |v ১০৫ 
830 0 |a বিশ্বসাহিত্য কেন্দ্র প্রকাশনা ;  |v ৫৬২ 
852 1 |a Ayesha Abed Library   |c Reference 
942 |2 ddc  |c BK 
999 |c 47772  |d 47772 
952 |0 0  |1 0  |2 ddc  |4 0  |6 791_437095492000000_BAN  |7 1  |9 78913  |a SCL  |b PPDM  |c REF  |d 2026-04-19  |e Bishwo Shahitto Kendro  |g 585.00  |l 0  |o 791.437095492 BAN  |p 3020045611  |r 2026-04-19  |t 2  |v 1170.00  |w 2026-04-19  |y BK  |x Requisitioned by Ayesha Abed Library, BRAC University 
952 |0 0  |1 0  |2 ddc  |4 0  |6 791_437095492000000_BAN  |7 1  |9 78914  |a BRACUL  |b BRACUL  |c REF  |d 2026-04-19  |e Bishwo Shahitto Kendro  |g 585.00  |l 0  |o 791.437095492 BAN  |p 3010045492  |r 2026-04-19  |t 1  |v 1170.00  |w 2026-04-19  |y BK  |x Requisitioned by Ayesha Abed Library, BRAC University